| 000 | 00917nac a22002411u 4500 | ||
|---|---|---|---|
| 010 | _a 94043320 | ||
| 020 | _a0875846106 (alk. paper) | ||
| 082 | 0 | 0 |
_a658.5 _bPIS |
| 090 |
_c5806 _d5806 |
||
| 100 | _aPisano, Gary P.[ed.] | ||
| 245 | 0 | 0 |
_aManufacturing renaissance / _cedited with an introduction by Gary P. Pisano and Robert H. Hayes. |
| 260 |
_aBoston, MA : _bHarvard Business School Press,c1995. _cc1995. |
||
| 300 |
_axxvi, 346 p. : _bill. ; _c25 cm. |
||
| 490 | 1 | _aA Harvard business review book | |
| 500 | _aDistributer : Al-Ahram. | ||
| 504 | _aIncludes bibliographical references and index. | ||
| 511 | _aCatalogued By : Mahitab. | ||
| 650 | 0 |
_aManufacturing industries _zUnited States _xManagement. |
|
| 650 | 0 |
_aIndustrial management _zUnited States. |
|
| 700 | 1 | _aHayes, Robert H. | |
| 830 | 0 | _aHarvard business review book series | |
| 942 |
_cBB _k658.5 PIS |
||
| 999 |
_c5806 _d5806 |
||